[Event "Online Olym Disabilities"]
[Site "Tornelo INT"]
[Date "2020.11.26"]
[Round "6.19"]
[White "Curticapean, Pavel"]
[Black "Malika, Handa"]
[Result "0-1"]
[WhiteElo "1728"]
[BlackElo "1345"]
[PlyCount "76"]
[EventDate "2020.11.21"]
[EventType "team-swiss (rapid)"]
[EventRounds "7"]
[EventCountry "NET"]
[SourceTitle "CBM 199 Extra"]
[Source "ChessBase"]
[SourceDate "2021.01.31"]
[SourceVersion "1"]
[SourceVersionDate "2021.01.31"]
[SourceQuality "1"]
[WhiteTeam "Romania II"]
[BlackTeam "India IV"]
[WhiteTeamCountry "ROU"]
[BlackTeamCountry "IND"]

1. e4 c5 2. Nf3 Nc6 3. Nc3 g6 4. d4 cxd4 5. Nxd4 Bg7 6. Be3 d6 7. Bb5 Bd7 8. 0-0 Nf6 9. f3 0-0 10. Qd2 a6 11. Bd3 Ne5 12. Nd5 Rc8 13. c3 Nc4 14. Qe2 Nxe3 15. Nxe3 Ne8 16. Kh1 Nc7 17. Rac1 Ne6 18. Nxe6 Bxe6 19. Nd5 Bxd5 20. exd5 Qd7 21. Bc4 Qc7 22. Bb3 b5 23. Rcd1 Rfe8 24. Qd3 Qc5 25. Rfe1 a5 26. Re2 a4 27. Bc2 Qc4 28. Qxc4 Rxc4 29. Rde1 Kf8 30. g3 h5 31. Kg2 Bf6 32. f4 Rec8 33. Kf3 R4c5 34. Bd3 Rxd5 35. Be4 Rdc5 36. Re3 d5 37. Bd3 e6 38. Rd1 Be7 0-1

[Event "Online Olym Disabilities"]
[Site "Tornelo INT"]
[Date "2020.11.25"]
[Round "5.12"]
[White "Mesa, Francisco Alonso Jr"]
[Black "Malika, Handa"]
[Result "0-1"]
[WhiteElo "1837"]
[BlackElo "1345"]
[PlyCount "120"]
[EventDate "2020.11.21"]
[EventType "team-swiss (rapid)"]
[EventRounds "7"]
[EventCountry "NET"]
[SourceTitle "CBM 199 Extra"]
[Source "ChessBase"]
[SourceDate "2021.01.31"]
[SourceVersion "1"]
[SourceVersionDate "2021.01.31"]
[SourceQuality "1"]
[WhiteTeam "Colombia"]
[BlackTeam "India IV"]
[WhiteTeamCountry "COL"]
[BlackTeamCountry "IND"]

1. Nf3 Nf6 2. b3 d6 3. Bb2 c5 4. e3 Nc6 5. Be2 Bg4 6. h3 Bxf3 7. Bxf3 e6 8. c4 Be7 9. 0-0 0-0 10. d4 cxd4 11. exd4 d5 12. c5 b6 13. cxb6 Qxb6 14. Re1 Rac8 15. Na3 Bxa3 16. Bxa3 Rfd8 17. Bc5 Qb7 18. Rc1 Nb4 19. a3 Na6 20. b4 Nd7 21. Re3 Nb6 22. Be2 Nb8 23. Bd3 N8d7 24. Rg3 Nf8 25. Qe2 Qb8 26. Re1 Ng6 27. Ba6 Rc7 28. Qg4 Rcd7 29. Bd3 Qf4 30. Bxg6 Qxg4 31. Bxf7+ Rxf7 32. Rxg4 Re8 33. Bxb6 axb6 34. Rg3 Ra7 35. Rc1 Rb7 36. Rgc3 Kf7 37. Rc7+ Re7 38. Rxb7 Rxb7 39. Kf1 Ke7 40. Ke2 Kd6 41. Kd3 Ra7 42. Rc3 Ra4 43. Kc2 Ra7 44. f3 b5 45. Kb3 e5 46. dxe5+ Kxe5 47. Kc2 Kd6 48. Kd3 Re7 49. Rc5 Ra7 50. Rc3 Rc7 51. Rb3 Rc4 52. g3 Ke5 53. Rb1 d4 54. Rb3 Kd5 55. h4 Rc1 56. Kd2 Rf1 57. Ke2 Rg1 58. g4 Rg2+ 59. Kf1 Rh2 60. h5 Kc4 0-1

[Event "Online Olym Disabilities"]
[Site "Tornelo INT"]
[Date "2020.11.21"]
[Round "1.14"]
[White "Malika, Handa"]
[Black "Rivas Cabrera, Edgar"]
[Result "0-1"]
[WhiteElo "1345"]
[BlackElo "2019"]
[PlyCount "116"]
[EventDate "2020.11.21"]
[EventType "team-swiss (rapid)"]
[EventRounds "7"]
[EventCountry "NET"]
[SourceTitle "CBM 199 Extra"]
[Source "ChessBase"]
[SourceDate "2021.01.31"]
[SourceVersion "1"]
[SourceVersionDate "2021.01.31"]
[SourceQuality "1"]
[WhiteTeam "India IV"]
[BlackTeam "Venezuela"]
[WhiteTeamCountry "IND"]
[BlackTeamCountry "VEN"]

1. e4 c5 2. Nf3 Nc6 3. d4 cxd4 4. Nxd4 g6 5. Nc3 Bg7 6. Be3 Nf6 7. Be2 0-0 8. Qd2 d6 9. f3 d5 10. exd5 Nxd5 11. Nxc6 bxc6 12. 0-0 Nxe3 13. Qxd8 Rxd8 14. Rfc1 Bxc3 15. bxc3 Be6 16. Kf2 Nd5 17. c4 Nb6 18. c5 Na4 19. a3 Nxc5 20. Rd1 Bf5 21. Rxd8+ Rxd8 22. Rd1 Rxd1 23. Bxd1 e5 24. g4 Be6 25. Ke3 f6 26. Be2 Kf7 27. Kd2 a5 28. Kc3 Ke7 29. h3 Kd6 30. Bf1 Na4+ 31. Kd3 Kc5 32. Ke4 Bd5+ 33. Ke3 Nb2 34. Be2 Nc4+ 35. Kd3 Nxa3 36. Kc3 Nb5+ 37. Kb2 a4 38. Ka1 Nc3 39. Bd3 Bxf3 40. Kb2 Kb4 41. Bf1 e4 42. Ka1 e3 43. Ba6 e2 44. Bxe2 Bxe2 45. Kb2 g5 46. h4 gxh4 47. g5 fxg5 48. Ka1 Nd5 49. Kb2 h3 50. c3+ Kc5 51. Kc2 h2 52. Kd2 Nxc3 53. Kxc3 h1Q 54. Kb2 Qh3 55. Kc2 Kd4 56. Kb2 Bc4 57. Kb1 Qh2 58. Ka1 Qa2# 0-1

[Event "Olympiad Women-43"]
[Site "Batumi"]
[Date "2018.10.01"]
[Round "7.38"]
[White "Malika, Handa"]
[Black "Fuchs, Judith"]
[Result "0-1"]
[WhiteElo "1334"]
[BlackElo "2274"]
[PlyCount "66"]
[EventDate "2018.09.24"]
[EventType "team-swiss"]
[EventRounds "11"]
[EventCountry "GEO"]
[SourceTitle "EXT 2020"]
[Source "ChessBase"]
[SourceDate "2019.10.17"]
[SourceVersion "1"]
[SourceVersionDate "2019.10.17"]
[SourceQuality "1"]
[WhiteTeam "ICCD (W)"]
[BlackTeam "Germany (W)"]
[BlackTeamCountry "GER"]

1. e4 c5 2. Nf3 Nc6 3. d4 cxd4 4. Nxd4 Qb6 5. c3 Nf6 6. f3 e6 7. Nxc6 bxc6 8. Bd3 d5 9. Nd2 Bd6 10. Qe2 Qc7 11. g3 h5 12. exd5 cxd5 13. Bb5+ Kf8 14. Nb3 h4 15. g4 a6 16. Bd3 e5 17. h3 e4 18. fxe4 Bg3+ 19. Kd1 Nxe4 20. Be3 Bb7 21. Rf1 Re8 22. Qf3 d4 23. Bf4 Nxc3+ 24. Kd2 Qe7 25. Bd6 Bxd6 26. Qf2 Ne4+ 27. Bxe4 Bb4+ 28. Kd1 Bxe4 29. Rc1 Rh6 30. g5 Re6 31. Nxd4 Rd6 32. Rc4 Bd3 33. Rxb4 Bxf1 0-1